Laporan tahunan 2002 =
| Corporate Author: | |
|---|---|
| Format: | Book |
| Published: |
Kuala Lumpur:
MATRADE,
2003.
|
| Subjects: |
| LEADER | 00550cam a2200157 7i4500 | ||
|---|---|---|---|
| 001 | 0000013140 | ||
| 005 | 20060327090000.0 | ||
| 090 | 0 | 0 | |a M 380.1 |b MAL MAT 380.1 |b MAL |
| 110 | 2 | 0 | |a Malaysia External Trade Development Corporation (MATRADE) |
| 245 | 2 | 0 | |a Laporan tahunan 2002 = |l Annual report 2002 MATRADE. |
| 260 | 0 | 0 | |a Kuala Lumpur: |b MATRADE, |c 2003. |
| 300 | # | # | |a 145 p. |
| 650 | 0 | 0 | |a Trade -- |x Annual report -- |z Malaysia |
| 650 | 0 | 0 | |a MATRADE -- |x Annual report -- |z Malaysia |
| 651 | 0 | 0 | |a Malaysia |
| 999 | |a 0000015350 |b Book |c Book |e Business Information Centre | ||